Zimmerman, Joshua D., 1966-. Poles, Jews, and the politics of nationality. - Madison, Wis.
| Titel: | Zimmerman, Joshua D., 1966-. Poles, Jews, and the politics of nationality. - Madison, Wis. : Univ. of Wisconsin Press. - 2004 [Rezension] |
|---|---|
| Verfasser: | |
| In: |
Slavic review, Band 64 (2005), Seite 174-175 alle Artikel anzeigen |
| Veröffentlicht: | 2005 |
| Format: | Aufsatz |
| Sprache: | Englisch |
X
alg: 39485009 001A $01999:12-11-16 001B $03025:29-02-24 $t08:36:52.000 001D $01999:12-11-16 001U $0utf8 001X $00 002@ $0Aox 003@ $0394850092 006N $000627879 007A $0394850092 $aHEB 007D $asw050601 007T $0Herd64158 010@ $aeng 011@ $a2005 021A $aZimmerman, Joshua D., 1966-. Poles, Jews, and the politics of nationality. - Madison, Wis. $dUniv. of Wisconsin Press. - 2004 [Rezension] 028A $#Stauter-Halsted, Keely Diane $#Halsted, Keely Stauter- $7123246202 $8Stauter-Halsted, Keely$Z1960- [Tp1] $9154211478 031A $d64 $h174-175 $j2005 039B $aIn $8--Abvc--. Slavic review. - Cambridge : Cambridge University Press, 1961-. - ISSN 0037-6779 $x200500000640000826 $9047271809 039T $8--Aau--Zimmerman, Joshua D.$Z1966- [Tp1]. Poles, Jews, and the politics of nationality. - Madison, Wis. : Univ. of Wisconsin Press, 2004. - XV, 360 S.. - Ill.. - ISBN 0-299-19460-4 $9117957879 045F $a900.9438 $eDDC23BSB 045F/01 $a900 045F/03 $g438 045T $a3,6 $a7,41 lok: 39485009 78 exp: 39485009 78 1 #EPN 201B/01 $018-11-16 $t12:56:11.000 201U/01 $0utf8 203@/01 $0791148696 208@/01 $a12-11-16 $be 209A/01 $a/ $f000 $x00 220C/01 $aTitelaufnehmer: wr 244Z/01 $2Trx $#Poola $#Lenkija $#Polija $#Polen Land $#Poland $#Lengyelország $#Poľsko $#Polsko $8--Trx--Polska$gkraj $x01 $9391345966 244Z/01 $2Trx $#arvustused $#recenzijos $#Reviews $#recenziók $#recenzje $#recenzie $#recenze $8--Trx--Rezensionen $x02 $9391357441 247C/01 $82080>Marburg/Lahn, Herder-Institut, Forschungsbibliothek, Bibliographieportal $9336309341
| LEADER | 00000caa a22000002c 4500 | ||
|---|---|---|---|
| 001 | 394850092 | ||
| 003 | DE-603 | ||
| 005 | 20240229083652.0 | ||
| 007 | tu | ||
| 008 | 161112s2005 xx |||| | u00||u|eng c | ||
| 035 | |a (DE-599)HEB394850092 | ||
| 035 | |a (NL-LiSWE)00627879 | ||
| 040 | |a DE-603 |b ger |c DE-603 |d DE-603 | ||
| 041 | |a eng | ||
| 082 | 0 | 4 | |8 1\u |a 900.9438 |q DE-101 |2 23/BSB |
| 084 | |a 3,6 |a 7,41 |2 ssgn | ||
| 085 | |8 1\u |b 900 | ||
| 085 | |8 1\u |z 2 |s 438 | ||
| 100 | 1 | |a Stauter-Halsted, Keely |d 1960- |0 (DE-603)154211478 |0 (DE-588)123246202 |2 gnd | |
| 245 | 0 | 0 | |a Zimmerman, Joshua D., 1966-. Poles, Jews, and the politics of nationality. - Madison, Wis. |b Univ. of Wisconsin Press. - 2004 [Rezension] |
| 264 | 0 | |c 2005 | |
| 773 | 0 | 8 | |i In |t Slavic review |d Cambridge : Cambridge University Press, 1961- |x 0037-6779 |g Band 64 (2005), Seite 174-175 |w (DE-603)047271809 |w (DE-600)203404-9 |
| 787 | 0 | 8 | |i Rezension von |a Zimmerman, Joshua D., 1966- |t Poles, Jews, and the politics of nationality |d Madison, Wis. : Univ. of Wisconsin Press, 2004 |h XV, 360 S., Ill. |z 0299194604 |w (DE-603)117957879 |
| 924 | 0 | |9 2080 |a (DE-603)791148696 |b DE-2080 |c HES |d d |g / | |


